Biomonitors and biomakers as indicators of environmental change 2 : A handbook

محفوظ في:
التفاصيل البيبلوغرافية
التنسيق: كتاب
اللغة:Undetermined
منشور في: New York Kluwer Academic 2001
الموضوعات:
الوسوم: إضافة وسم
لا توجد وسوم, كن أول من يضع وسما على هذه التسجيلة!
Thư viện lưu trữ: Trung tâm Học liệu Trường Đại học Cần Thơ
LEADER 00616nam a2200181Ia 4500
001 CTU_67880
008 210402s9999 xx 000 0 und d
082 |a 577.270287 
082 |b B615 
245 0 |a Biomonitors and biomakers as indicators of environmental change 2 : 
245 2 |b A handbook 
245 0 |c Edited by Frank M. ButterWorth, Amara Gunatilaka and Maria Eugenia Gonsebatt 
260 |a New York 
260 |b Kluwer Academic 
260 |c 2001 
650 |a Environmental ecology,Biochemical markers,Indicators ( biology ) 
904 |i Minh 
980 |a Trung tâm Học liệu Trường Đại học Cần Thơ